000 00595nam a22001937a 4500
003 KOHA_MİRAKIL
005 20260331104914.0
008 260331b tu ||||| |||| 00| 0 tur d
020 _a9786055679729
040 _aTR-AnABB
_btur
_cTR-AnABB
041 _atur
082 _a353.991
_bREF 2011
100 1 _aBayraktar, S. Ulaş
245 1 0 _aReform sonrası il genel meclisleri :
_bDönüşüm ve statiko /
_cS. Ulaş Bayraktar
260 _aİstanbul :
_bKalkedon yayıncılık,
_c2011
300 _a154 sayfa ;
_c20 cm
650 0 4 _aYerel yönetim, Türkiye
942 _2ddc
_cBK
999 _c10108
_d10108
900 _bCem ÖZOGLU